000 00479nam a2200157Ia 4500
999 _c18719
_d18719
003 OSt
005 20200611114502.0
008 190216s9999||||xx |||||||||||||| ||und||
040 _coclc
082 _a387.54
_bSRI/M
100 _aSridharan, Commander K
_92779
245 0 _aA Maritime History Of India /
_cCommander K Sridharan
260 _bPublications Division,
_c1965.
_aFaridabad:
300 _a170p
942 _cBK
_2ddc
_h387.54
_iSRI/M
_k387.54
_mSRI/M